[Event "GER-ch U25-B"]
[Site "Willingen"]
[Date "2016.05.17"]
[Round "4"]
[White "Voltmer, Victor"]
[Black "Nagel, Philipp"]
[Result "1/2-1/2"]
[WhiteElo "1028"]
[BlackElo "873"]
[PlyCount "67"]
[EventDate "2016.05.15"]
[EventType "swiss"]
[EventRounds "9"]
[EventCountry "GER"]
[SourceTitle "CBM 172 Extra"]
[Source "ChessBase"]
[SourceDate "2016.06.21"]
[SourceVersion "1"]
[SourceVersionDate "2016.06.21"]
[SourceQuality "1"]

1. e4 d5 2. exd5 Qxd5 3. Nc3 Qa5 4. d4 Nf6 5. Bd2 c6 6. Bc4 Bg4 7. f3 Bf5 8. g4 Bg6 9. h4 h6 10. f4 e6 11. a3 Qc7 12. Nf3 Nxg4 13. Rg1 Bh5 14. Be2 Nf6 15. Ne5 Bxe2 16. Qxe2 Nbd7 17. Nxd7 Qxd7 18. f5 0-0-0 19. fxe6 fxe6 20. Be3 Nd5 21. Nxd5 exd5 22. 0-0-0 Re8 23. Rde1 Bd6 24. Qg4 Re7 25. Qxd7+ Kxd7 26. Kd2 Rhe8 27. Re2 Re4 28. Rxg7+ Kd8 29. Rxb7 R8e7 30. Rxe7 Bxe7 31. Bxh6 Rxh4 32. Be3 Kd7 33. Bf2 Bg5+ 34. Kd1 1/2-1/2